000 01427cam a2200373 i 4500
001 18521660
003 ARRUPE
005 20220330101651.0
008 150310t20152015wiuab b s000 0aeng c
010 _a 2015008824
020 _a9780299304942 (pbk. : alk. paper)
020 _z9780299304935 (e-book)
040 _aWU/DLC
_beng
_cWU
_erda
_dDLC
042 _apcc
043 _af-ug---
050 0 0 _aDT433.287.A46
_bA3 2015
082 0 0 _a967.6104/4092
_aB
_223
100 1 _aAmony, Evelyn,
_eauthor.
_951082
245 1 0 _aI am Evelyn Amony :
_breclaiming my life from the Lord's Resistance Army /
_cEvelyn Amony ; edited with an introduction by Erin Baines.
260 _aLondon
_bThe University of Wisconsin Press
_c2015
300 _alii, 181 pages :
_billustrations, maps ;
_c23 cm.
490 1 _aWomen in Africa and the diaspora
504 _aIncludes bibliographical references.
600 1 0 _aAmony, Evelyn.
_951082
600 1 0 _aKony, Joseph.
_910149
610 2 0 _aLord's Resistance Army.
_910150
650 0 _aHuman rights workers
_zUganda
_vBiography.
_951083
651 0 _aUganda
_xHistory
_y1979-
_910153
700 1 _aBaines, Erin K.,
_d1969-
_eeditor.
_951084
830 0 _aWomen in Africa and the diaspora.
_951085
906 _a7
_bcbc
_corignew
_d1
_eecip
_f20
_gy-gencatlg
942 _2lcc
_cMONOGRAPH
999 _c131173
_d131173